00975nam a22002537a 45000010005000000030006000050050017000110080041000280200018000690400029000870500018001160820011001341000022001452450090001672600037002573000063002945050008003575200204003655210029005695210020005986500034006186500034006527000035006868226FISKH20250904095033.0250904b cb ||||| |||| 00| 0 eng d a9780545734769 aFISKHbengcFISKHdFISKH aDS481.G3 M386 a954.03 aMcGinty, Alice B. aGandhi :bA march to the sea / cby Alice B. McGinty : illustrated by Thomas Gonzales aNew York : bScholastic ,c2013. a40 unnumbered pages : bcolor illustrations ;c22 x 28cm.  aO  aRecreates Mohandas Gandhi's 24-day March to the Sea, from March 12 to April 5, 1930, which became a pivotal moment in India's quest to become an independent country no longer ruled by Great Britain. 8 a600 bLexile estimate 8 aO bRaz-Plus  aPeaceful protestvNon-fiction aMarch to the SeavNon-fiction aGonzale, Thomas eIllustrator